| 000 | 00881cam a22002413a 4500 | ||
|---|---|---|---|
| 001 | 3310 | ||
| 003 | PGUSA | ||
| 005 | 20140828083030.0 | ||
| 008 | 020701s2002||||xxu|||||s|||||000 | eng d | ||
| 040 |
_aPGUSA _beng |
||
| 042 | _adc | ||
| 050 | 4 | _aDS | |
| 100 | 1 |
_aSewell, Robert, _d1845-1925 |
|
| 245 | 1 | 2 |
_aA Forgotten Empire (Vijayanagar) : _bA Contribution to the History of India _h[electronic resource] / _cRobert Sewell |
| 260 |
_bProject Gutenberg, _c2002 |
||
| 500 | _aTranslation of the "Chronica dos reis de Bisnaga" written by Domingos Paes and Fernão Nunes about 1520 and 1535, respectively, with a historical introduction by Robert Sewell. | ||
| 506 | _aPublic domain in the USA. | ||
| 516 | _aElectronic text | ||
| 653 | _aVijayanagar (Empire) -- History | ||
| 830 | 0 |
_aProject Gutenberg _v3310 |
|
| 856 | 4 | 0 | _uhttp://www.gutenberg.org/ebooks/3310 |
| 942 | _cEB | ||
| 999 |
_c232639 _d232639 |
||